[Event "Preferente Aragonesa 2024 - Grupo II"]
[Site "?"]
[Date "2024.03.02"]
[Round "6.55"]
[White "Barranco Castillo, Jose Antonio"]
[Black "Solanas Esteban, Hector"]
[Result "1-0"]
[WhiteElo "1653"]
[BlackElo "1703"]
[PlyCount "71"]
[GameId "2166508133011922"]
[EventDate "2024.01.27"]
[WhiteTeam "Iberajedrez Mundo 64 B"]
[BlackTeam "Tauste"]

1. c4 Nf6 2. g3 e6 3. Bg2 d5 4. Nf3 Be7 5. O-O c6 6. d4 O-O 7. Qc2 dxc4 8. Rd1 b5 9. a4 Bb7 10. Na3 Qb6 11. Ne5 Bxa3 12. Rxa3 a6 13. b3 cxb3 14. Rxb3 Nbd7 15. Nc4 Qa7 16. Nd6 Nd5 17. e4 N5b6 18. a5 Nc8 19. Ba3 Nxd6 20. Bxd6 Rfc8 21. Rc3 Nf6 22. h3 Ne8 23. Bc5 Qb8 24. e5 Nc7 25. Bd6 Qa7 26. Be4 h6 27. g4 Nd5 28. Rg3 Rd8 29. Bc5 Qb8 30. g5 h5 31. g6 f5 32. Bxd5 Rxd5 33. Qe2 h4 34. Rgd3 Qe8 35. Qh5 Rxc5 36. dxc5 1-0

[Event "Preferente Aragonesa 2024 - Grupo II"]
[Site "?"]
[Date "2024.03.02"]
[Round "6.56"]
[White "Ramo Frontinan, Cristobal"]
[Black "Navarro Remon, Mario"]
[Result "1-0"]
[WhiteElo "2310"]
[BlackElo "1864"]
[PlyCount "53"]
[GameId "2166508133048787"]
[EventDate "2024.01.27"]
[WhiteTeam "Maristas"]
[BlackTeam "Teruel B"]

1. Nf3 e6 2. g3 Nf6 3. Bg2 d5 4. O-O c5 5. d3 Nc6 6. Nbd2 b6 7. e4 dxe4 8. dxe4 Be7 9. Re1 Bb7 10. c3 O-O 11. Qc2 Qd7 12. e5 Nd5 13. Ne4 Rfd8 14. Bg5 f6 15. exf6 gxf6 16. Bh6 Qe8 17. Rad1 Qg6 18. Bc1 Kf7 19. Qe2 Nc7 20. Nh4 Qg7 21. Bf4 Nd5 22. Nd6+ Rxd6 23. Bxd6 Nd8 24. Bxe7 Nxe7 25. Bxb7 Nxb7 26. Qxe6+ Kf8 27. Rd7 1-0

[Event "Preferente Aragonesa 2024 - Grupo II"]
[Site "?"]
[Date "2024.03.02"]
[Round "6.58"]
[White "Garcia Valer, Jesus"]
[Black "Pache Marconell, Juan"]
[Result "1/2-1/2"]
[WhiteElo "1822"]
[BlackElo "1807"]
[PlyCount "138"]
[GameId "2166508133126613"]
[EventDate "2024.01.27"]
[WhiteTeam "Maristas"]
[BlackTeam "Teruel B"]

1. e4 c5 2. Nc3 Nc6 3. f4 e6 4. Nf3 d6 5. Bc4 Nge7 6. d3 d5 7. Bb5 d4 8. Bxc6+ Nxc6 9. Ne2 Be7 10. O-O Bd7 11. Ng3 Qc7 12. e5 g6 13. Ne4 Nb4 14. Nfd2 b5 15. Nf6+ Bxf6 16. exf6 Bc6 17. Ne4 Bxe4 18. dxe4 Rd8 19. a3 Nc6 20. f5 e5 21. Bh6 Kd7 22. Qg4 Kd6 23. a4 b4 24. Rad1 gxf5 25. Rxf5 Qd7 26. Qe2 Qe6 27. c3 bxc3 28. bxc3 Kc7 29. cxd4 Nxd4 30. Rxd4 Rxd4 31. Qb5 Rd1+ 32. Kf2 Qa2+ 33. Kg3 Qa3+ 34. Rf3 Qb4 35. Qa6 Qb6 36. Qc4 Rg8+ 37. Kh3 Rd7 38. Rf5 Rg6 39. Be3 Qb4 40. Qxc5+ Qxc5 41. Bxc5 Rd3+ 42. g3 a6 43. Be7 Rd2 44. Rxe5 Rh6+ 45. Kg4 Rhxh2 46. Rc5+ Kb6 47. e5 Rd4+ 48. Kf3 Rd1 49. e6 fxe6 50. Rc3 h5 51. Kf4 Rd5 52. Re3 Rf5+ 53. Ke4 Rd2 54. Rb3+ Ka5 55. Rb1 Kxa4 56. Rb6 Rd7 57. Rxa6+ Kb5 58. Rxe6 Rf1 59. Re5+ Kc6 60. Rxh5 Re1+ 61. Kf5 Rg1 62. Rg5 Rd5+ 63. Kg6 Rxg5+ 64. Kxg5 Rxg3+ 65. Kf4 Rg1 66. Ke3 Kd7 67. Kf2 Rg6 68. Ke3 Ke6 69. Kf4 Rg1 1/2-1/2

[Event "Preferente Aragonesa 2024 - Grupo II"]
[Site "?"]
[Date "2024.03.02"]
[Round "6.59"]
[White "Abancens Fernandez, Bernardo"]
[Black "Garcia Bueno, Juan Pablo"]
[Result "1/2-1/2"]
[WhiteElo "1799"]
[BlackElo "1783"]
[PlyCount "82"]
[GameId "2166508133171670"]
[EventDate "2024.01.27"]
[WhiteTeam "Teruel B"]
[BlackTeam "Maristas"]

1. b3 d5 2. Bb2 c5 3. e3 Nf6 4. Bb5+ Nbd7 5. Nf3 g6 6. O-O Bg7 7. d3 O-O 8. Bxd7 Bxd7 9. Nbd2 Be6 10. c4 dxc4 11. dxc4 Bf5 12. Re1 Be4 13. Bxf6 Bxf3 14. Nxf3 Bxf6 15. Qxd8 Rfxd8 16. Rac1 Rd3 17. Kf1 Rad8 18. Ke2 Kf8 19. Rcd1 Rxd1 20. Rxd1 Rxd1 21. Kxd1 Ke8 22. Kc2 Kd7 23. Kd3 Ke6 24. g4 h5 25. h3 b6 26. a4 hxg4 27. hxg4 Kd6 28. Nd2 Bg7 29. f4 f5 30. gxf5 gxf5 31. e4 fxe4+ 32. Kxe4 e6 33. Nf3 Bf6 34. Ng5 Bc3 35. Kf3 Bg7 36. Ne4+ Kc6 37. Ng5 Kd6 38. Kg4 Ke7 39. Ne4 Bd4 40. Kh5 Be3 41. Kg4 Bd4 1/2-1/2

[Event "Preferente Aragonesa 2024 - Grupo II"]
[Site "?"]
[Date "2024.03.02"]
[Round "6.60"]
[White "Carraminana Lopez, Luis Antonio"]
[Black "Muro Guerrero, Miguel"]
[Result "1/2-1/2"]
[WhiteElo "1865"]
[BlackElo "2055"]
[PlyCount "66"]
[GameId "2166508133208535"]
[EventDate "2024.01.27"]
[WhiteTeam "Helios B"]
[BlackTeam "Dr. Azua"]

1. e4 e5 2. Nf3 Nc6 3. Nc3 Nf6 4. Bb5 Bd6 5. d3 O-O 6. O-O h6 7. h3 Re8 8. Bxc6 dxc6 9. Ne2 Bf8 10. Nh2 c5 11. b3 b5 12. c4 b4 13. Be3 Bb7 14. f4 exf4 15. Nxf4 Qd7 16. Qf3 Rad8 17. Ng4 Nxg4 18. hxg4 Bc8 19. Qf2 Qd6 20. Nd5 f6 21. Bf4 Qd7 22. Bxc7 Bd6 23. Bxd8 Rxd8 24. Qf3 Qe6 25. g3 Qe5 26. Kg2 Qg5 27. Ne3 Be5 28. Rad1 g6 29. Rd2 Bc3 30. Rdd1 Bd4 31. Rde1 Bc3 32. Rd1 Bd4 33. Rde1 Bc3 1/2-1/2

[Event "Preferente Aragonesa 2024 - Grupo II"]
[Site "?"]
[Date "2024.03.02"]
[Round "6.61"]
[White "Garcia Garcia, Enrique"]
[Black "Lorente Melcon, Nicolas"]
[Result "0-1"]
[WhiteElo "1842"]
[BlackElo "1853"]
[PlyCount "108"]
[GameId "2166508133241304"]
[EventDate "2024.01.27"]
[WhiteTeam "Dr. Azua"]
[BlackTeam "Helios B"]

1. d4 Nf6 2. c4 c5 3. d5 e6 4. Nc3 d6 5. e4 g6 6. Nf3 Bg7 7. h3 O-O 8. Bd3 a6 9. a4 a5 10. Bg5 e5 11. Qd2 Na6 12. O-O Nb4 13. Be2 Qd7 14. Nh2 Ne8 15. Bg4 f5 16. exf5 gxf5 17. Be2 Qf7 18. Bh6 Kh8 19. Bxg7+ Qxg7 20. f4 e4 21. Nb5 Bd7 22. Qc3 Rf6 23. Kh1 Bxb5 24. axb5 Rg6 25. g4 Nf6 26. g5 Nd7 27. Bh5 Qxc3 28. bxc3 Nc2 29. Bxg6 hxg6 30. Ra4 Nb6 31. Ra2 Ne3 32. Rfa1 Nexc4 33. Rd1 a4 34. Nf1 Ra5 35. Nd2 Ne3 36. Rda1 Nexd5 37. c4 Nxf4 38. Kh2 Ne6 39. h4 Nd4 40. Kg2 e3 41. Nf3 Nb3 42. Rd1 Nxc4 43. Kf1 Ncd2+ 44. Nxd2 exd2 45. Ke2 c4 46. Ke3 d5 47. Kf2 c3 48. Ke3 d4+ 49. Kd3 Rxb5 50. Kc2 Nc5 51. Rh1 Rb3 52. Rh3 d3+ 53. Rxd3 Nxd3 54. Rxa4 Rb2+ 0-1

[Event "Preferente Aragonesa 2024 - Grupo II"]
[Site "?"]
[Date "2024.03.02"]
[Round "6.62"]
[White "Anson Casaos, Alejandro"]
[Black "Cajo Esteban, Ruben"]
[Result "1-0"]
[WhiteElo "1794"]
[BlackElo "1815"]
[PlyCount "85"]
[GameId "2166508133331417"]
[EventDate "2024.01.27"]
[WhiteTeam "Helios B"]
[BlackTeam "Dr. Azua"]

1. c4 e6 2. Nc3 d5 3. e3 c5 4. cxd5 exd5 5. d4 Nf6 6. Nf3 Nc6 7. Bb5 Bg4 8. h3 Bh5 9. Qa4 Qb6 10. Ne5 Rc8 11. g4 Bg6 12. g5 cxd4 13. exd4 Qd8 14. gxf6 Qxf6 15. Be3 Qe6 16. Nxg6 hxg6 17. O-O-O a6 18. Bxc6+ Rxc6 19. Kb1 b5 20. Qb3 Rc4 21. Rhe1 Kd7 22. Ka1 Rxh3 23. Rc1 Qf5 24. Qd1 Bb4 25. Rg1 Rh4 26. Ne2 Kc6 27. b3 Rxc1+ 28. Qxc1+ Kb7 29. a3 Qd3 30. axb4 Qxe2 31. Qc3 Qf3 32. Rc1 Rh1 33. Qc7+ Ka8 34. Rxh1 Qxh1+ 35. Ka2 Qe4 36. Bf4 Qe8 37. Bd6 g5 38. Bc5 Qb8 39. Qxf7 g6 40. Qxd5+ Qb7 41. Qxb7+ Kxb7 42. d5 Kc7 43. Kb2 1-0

[Event "Preferente Aragonesa 2024 - Grupo II"]
[Site "?"]
[Date "2024.03.02"]
[Round "6.63"]
[White "Abenia Porroche, Roberto"]
[Black "Moreno Burillo, Maria"]
[Result "0-1"]
[WhiteElo "1686"]
[BlackElo "1536"]
[PlyCount "76"]
[GameId "2166508133384666"]
[EventDate "2024.01.27"]
[WhiteTeam "Dr. Azua"]
[BlackTeam "Helios B"]

1. Nf3 Nf6 2. g3 b6 3. Bg2 Bb7 4. d4 e6 5. O-O Be7 6. c3 O-O 7. Nbd2 Ne4 8. Ne5 f5 9. Qc2 Nd6 10. Bxb7 Nxb7 11. e4 d6 12. Nec4 f4 13. Nf3 fxg3 14. fxg3 Nd7 15. Bd2 Qe8 16. Rae1 e5 17. dxe5 dxe5 18. Ncxe5 Bc5+ 19. Kg2 Nxe5 20. Qb3+ Kh8 21. Ng5 Na5 22. Qc2 Nac4 23. Rxf8+ Qxf8 24. Rf1 Qd6 25. Bf4 Ne3+ 26. Bxe3 Bxe3 27. Nf3 Rd8 28. Nxe5 Qxe5 29. Rf3 Bh6 30. Rf5 Qe6 31. Rf2 g6 32. a3 Re8 33. Re2 Rf8 34. Kg1 Qf7 35. Qd1 Be3+ 36. Kg2 Qf3+ 37. Kh3 g5 38. Qe1 Rf6 0-1

[Event "Preferente Aragonesa 2024 - Grupo II"]
[Site "?"]
[Date "2024.03.02"]
[Round "6.64"]
[White "Veras Sanz, Marino"]
[Black "Carretero Cacho, Juan Jose"]
[Result "1/2-1/2"]
[WhiteElo "2009"]
[BlackElo "2010"]
[PlyCount "77"]
[GameId "2166508133421531"]
[EventDate "2024.01.27"]
[WhiteTeam "El Olivar B"]
[BlackTeam "Agrupacion B"]

1. d4 d5 2. c4 e6 3. Nc3 c6 4. cxd5 exd5 5. Qc2 Bd6 6. Nf3 Ne7 7. Bg5 h6 8. Bh4 Qa5 9. e3 Bf5 10. Bd3 Bxd3 11. Qxd3 Qa6 12. O-O-O Qxd3 13. Rxd3 Ng6 14. Bg3 Bxg3 15. hxg3 O-O 16. g4 Nd7 17. g5 hxg5 18. Nxg5 Rfe8 19. f4 f6 20. Nf3 b5 21. g4 Nb6 22. b3 a5 23. f5 Ne7 24. Ne2 a4 25. Kb2 b4 26. Nf4 axb3 27. axb3 Ra3 28. Ra1 Rea8 29. Rxa3 Rxa3 30. Rd1 Nec8 31. Ng6 Kf7 32. Rh1 Nd6 33. Rh8 Ra8 34. Rxa8 Nxa8 35. Nd2 Nc7 36. Nf4 Ndb5 37. Kc2 Ke7 38. Kd3 Nc3 39. Nh5 1/2-1/2

[Event "Preferente Aragonesa 2024 - Grupo II"]
[Site "?"]
[Date "2024.03.02"]
[Round "6.65"]
[White "Galve Guinea, Alejandro"]
[Black "Pedrol Aguila, Mario"]
[Result "1-0"]
[WhiteElo "1955"]
[BlackElo "1713"]
[PlyCount "57"]
[GameId "2166508133458396"]
[EventDate "2024.01.27"]
[WhiteTeam "El Olivar B"]
[BlackTeam "Agrupacion B"]

1. Nf3 e6 2. c4 b6 3. g3 Nf6 4. Bg2 Bb7 5. O-O Be7 6. Nc3 O-O 7. Re1 d5 8. cxd5 exd5 9. d4 Nbd7 10. Bf4 Nh5 11. Be3 f5 12. Qc1 f4 13. gxf4 Bd6 14. Ne5 c6 15. Bf3 Bxe5 16. fxe5 Qh4 17. Kh1 Nxe5 18. Bg5 Qxf2 19. Bxh5 g6 20. Qe3 Qxe3 21. Bxe3 Nc4 22. Bh6 Rfe8 23. Bf3 Nxb2 24. Rg1 b5 25. Rab1 Nc4 26. e4 dxe4 27. Nxe4 Kh8 28. Nc5 Rf8 29. Rbf1 1-0

[Event "Preferente Aragonesa 2024 - Grupo II"]
[Site "?"]
[Date "2024.03.02"]
[Round "6.66"]
[White "Casasnovas Sanchez, Raul"]
[Black "Bailo Remacha, Santiago"]
[Result "0-1"]
[WhiteElo "1604"]
[BlackElo "1901"]
[PlyCount "100"]
[GameId "2166508133495261"]
[EventDate "2024.01.27"]
[WhiteTeam "Agrupacion B"]
[BlackTeam "El Olivar B"]

1. e4 c5 2. d4 cxd4 3. c3 d3 4. Bxd3 Nc6 5. c4 d6 6. Nc3 g6 7. h3 Bg7 8. Nf3 Nf6 9. O-O O-O 10. Be3 b6 11. Rc1 Bb7 12. Qe2 Rc8 13. Rfd1 Nd7 14. Bb1 Nc5 15. Nd5 e6 16. Nc3 Ne5 17. Nxe5 Bxe5 18. Bh6 Re8 19. f4 Bxc3 20. Rxc3 Qc7 21. b4 Na4 22. Ra3 b5 23. cxb5 Nc3 24. Qb2 e5 25. Re1 Nxb5 26. Ra5 Qc4 27. Kh1 a6 28. a4 Nd4 29. fxe5 dxe5 30. Rc1 Qb3 31. Rxc8 Qd1+ 32. Kh2 Bxc8 33. Ba2 Ne2 34. Be3 Qe1 35. Qd2 Qg3+ 36. Kh1 Bg4 37. Bxf7+ Kxf7 38. Qd5+ Kg7 39. Qb7+ Kg8 40. Qd5+ Be6 41. Qd2 Nf4 42. Bxf4 exf4 43. Rxa6 f3 44. gxf3 Qxh3+ 45. Kg1 Qxf3 46. Qg2 Qe3+ 47. Kh2 Rd8 48. Rxe6 Rd2 49. b5 Qf4+ 50. Kh3 Rd3+ 0-1

[Event "Preferente Aragonesa 2024 - Grupo II"]
[Site "?"]
[Date "2024.03.02"]
[Round "6.67"]
[White "Asensio Asensio, Nicolas"]
[Black "Ruiz Fernandez, Daniel"]
[Result "1/2-1/2"]
[WhiteElo "2028"]
[BlackElo "2031"]
[PlyCount "98"]
[GameId "2166508133536222"]
[EventDate "2024.01.27"]
[WhiteTeam "Aulazenter"]
[BlackTeam "MyInvestor Casablanca C"]

1. e4 e5 2. Nf3 Nc6 3. Nc3 Nf6 4. h3 d5 5. exd5 Nxd5 6. Bb5 Nxc3 7. bxc3 Bd6 8. d4 exd4 9. cxd4 O-O 10. O-O h6 11. Rb1 Bf5 12. Bd3 Bxd3 13. Qxd3 b6 14. Re1 Qd7 15. Bb2 Nb4 16. Qb3 Qf5 17. Re2 a5 18. a4 Nd5 19. g3 c6 20. Kg2 Bb4 21. Rd1 Rfe8 22. Rxe8+ Rxe8 23. c4 Nf6 24. Bc1 Qe4 25. Be3 Rd8 26. Qd3 Qe6 27. Bf4 Ne4 28. d5 Nc5 29. dxe6 Nxd3 30. exf7+ Kf8 31. Kf1 Rd7 32. Be3 Ne5 33. Rxd7 Nxd7 34. Nd4 Ne5 35. c5 bxc5 36. Ne6+ Kxf7 37. Nxc5 Nc4 38. Bd4 Bxc5 39. Bxc5 Nb2 40. Bb6 Nxa4 41. Bxa5 Ke6 42. Ke2 Kd5 43. g4 Nc5 44. h4 Ne6 45. Ke3 c5 46. f4 g6 47. Bc3 h5 48. f5 gxf5 49. gxf5 Nd4 1/2-1/2

[Event "Preferente Aragonesa 2024 - Grupo II"]
[Site "?"]
[Date "2024.03.02"]
[Round "6.68"]
[White "Cebollada Pacheco, Jesus Raul"]
[Black "Conon, Catalin"]
[Result "1-0"]
[WhiteElo "1997"]
[BlackElo "1893"]
[PlyCount "45"]
[GameId "2166508133573087"]
[EventDate "2024.01.27"]
[WhiteTeam "MyInvestor Casablanca C"]
[BlackTeam "Aulazenter"]

1. e4 c5 2. Nf3 e6 3. d3 Nc6 4. g3 d5 5. Qe2 Nf6 6. Bg2 Be7 7. O-O O-O 8. e5 Nd7 9. c4 a6 10. h4 b5 11. Bf4 Nb6 12. Nbd2 bxc4 13. dxc4 a5 14. b3 Ba6 15. Rfd1 Qc7 16. Nh2 Rad8 17. Qh5 dxc4 18. Ng4 Nd5 19. Bxd5 Rxd5 20. bxc4 Rd4 21. Nf6+ Bxf6 22. exf6 e5 23. Qg5 1-0

[Event "Preferente Aragonesa 2024 - Grupo II"]
[Site "?"]
[Date "2024.03.02"]
[Round "6.69"]
[White "Iravedra Ainkov, Francisco"]
[Black "Antonano Fernandez-Quincoces, Avelino"]
[Result "1/2-1/2"]
[WhiteElo "1861"]
[BlackElo "1903"]
[PlyCount "71"]
[GameId "2166508133614048"]
[EventDate "2024.01.27"]
[WhiteTeam "Aulazenter"]
[BlackTeam "MyInvestor Casablanca C"]

1. e4 c5 2. c3 g6 3. d4 cxd4 4. cxd4 d5 5. e5 Nc6 6. Nf3 Bg4 7. Bb5 Nh6 8. Nc3 Rc8 9. O-O Nf5 10. Be3 Bg7 11. h3 Bxf3 12. Qxf3 O-O 13. Rfd1 e6 14. Bxc6 Rxc6 15. Rac1 f6 16. exf6 Bxf6 17. Qg4 Qa5 18. Ne2 Rfc8 19. Rxc6 Rxc6 20. Qf4 Qc7 21. g4 Qxf4 22. Nxf4 Nh4 23. Kf1 Kf7 24. Rd3 Rc4 25. b3 Rc2 26. a4 Nf3 27. Ne2 Ke7 28. Bc1 Ng5 29. Bxg5 Bxg5 30. f4 Bf6 31. g5 Bg7 32. Kf2 Kd7 33. Ke3 Bf8 34. Rd2 Rc8 35. Kd3 Bd6 36. Rc2 1/2-1/2

[Event "Preferente Aragonesa 2024 - Grupo II"]
[Site "?"]
[Date "2024.03.02"]
[Round "6.70"]
[White "Miranda Herrera, Belen"]
[Black "Morales Anadon, Tomas"]
[Result "1/2-1/2"]
[WhiteElo "1823"]
[BlackElo "1643"]
[PlyCount "43"]
[GameId "2166508133646817"]
[EventDate "2024.01.27"]
[WhiteTeam "MyInvestor Casablanca C"]
[BlackTeam "Aulazenter"]

1. e4 e6 2. d4 d5 3. Nd2 c5 4. exd5 Qxd5 5. dxc5 Bxc5 6. Ngf3 Nf6 7. Bc4 Qd6 8. Qe2 Bd7 9. O-O Bc6 10. Ne5 O-O 11. Nxc6 Nxc6 12. Ne4 Nxe4 13. Qxe4 Rfd8 14. Bf4 Qd4 15. Rae1 Qxb2 16. Bd3 g6 17. Rb1 Qxa2 18. Rxb7 Qd5 19. Qa4 Nd4 20. Rbb1 Bb6 21. Be3 Qe5 22. Bxd4 1/2-1/2

[Event "Campeonato de Aragon por Equipos 2024 - "]
[Site "?"]
[Date "2024.03.09"]
[Round "7.1"]
[White "Glavina, Pablo"]
[Black "Lopez Caudevilla, David"]
[Result "0-1"]
[WhiteElo "2406"]
[BlackElo "2180"]
[PlyCount "114"]
[GameId "2166508133683682"]
[EventDate "2024.01.27"]
[WhiteTeam "MyInvestor Casablanca A"]
[BlackTeam "Actur Rey Fernando"]

1. d4 g6 2. c4 Bg7 3. Nc3 Nf6 4. e4 d6 5. Nf3 O-O 6. Be2 Nbd7 7. Qc2 e5 8. dxe5 dxe5 9. b4 c5 10. a3 b6 11. O-O Bb7 12. Bg5 Qe7 13. b5 h6 14. Bh4 g5 15. Bg3 Nxe4 16. Nxe4 f5 17. Nfd2 fxe4 18. Nxe4 Nf6 19. Bf3 Nxe4 20. Bxe4 Bxe4 21. Qxe4 Rad8 22. Rad1 Rd4 23. Rxd4 cxd4 24. Re1 Qf7 25. h4 gxh4 26. Qxh4 Re8 27. Qe4 Qxc4 28. f4 Qxb5 29. fxe5 d3 30. Rd1 Rd8 31. Rd2 Qd5 32. Qg6 Qd4+ 33. Kh2 Qe3 34. e6 Kh8 35. Rf2 d2 36. Rf7 Rg8 37. Rd7 d1=Q 38. Rxd1 Be5 39. Rd3 Bxg3+ 40. Kh3 Qf4 41. Qh5 Bf2 42. g4 Be3 43. Qf5 Qxf5 44. gxf5 Bg5 45. Kg4 Re8 46. a4 Kg7 47. a5 bxa5 48. Rd5 Re7 49. Rxa5 Kf6 50. Rc5 Rb7 51. Ra5 Bd2 52. Rd5 Bc3 53. Rd8 Ke5 54. Rg8 a5 55. Rg6 Bd2 56. Rg8 h5+ 57. Kxh5 Kxf5 0-1

[Event "Campeonato de Aragon por Equipos 2024 - "]
[Site "?"]
[Date "2024.03.09"]
[Round "7.2"]
[White "Abos Rosico, Antonio"]
[Black "Quintin Navarro, Alberto"]
[Result "0-1"]
[WhiteElo "2071"]
[BlackElo "2371"]
[PlyCount "114"]
[GameId "2166508133773795"]
[EventDate "2024.01.27"]
[WhiteTeam "Actur Rey Fernando"]
[BlackTeam "MyInvestor Casablanca A"]

1. e4 c6 2. d4 d5 3. exd5 cxd5 4. Bd3 Nc6 5. c3 Nf6 6. h3 e5 7. dxe5 Nxe5 8. Nf3 Nxd3+ 9. Qxd3 Bd6 10. O-O O-O 11. Be3 Re8 12. Nbd2 Ne4 13. Rfd1 Bf5 14. Nf1 Qd7 15. Qxd5 Rad8 16. Bxa7 Bh2+ 17. N3xh2 Qxd5 18. Rxd5 Rxd5 19. Ne3 Ra5 20. Bd4 Be6 21. c4 Rea8 22. a3 Ra4 23. Rc1 Nd2 24. Nhf1 Nb3 25. Rd1 Rd8 26. Bc3 Rxd1 27. Nxd1 Rxc4 28. f3 Rc8 29. Kf2 Nc5 30. Ke3 Re8 31. Kd4 Na4 32. Nfe3 Rd8+ 33. Ke4 Nc5+ 34. Kf4 Nd3+ 35. Kg3 f5 36. Kh2 Bb3 37. g3 Re8 38. f4 Bxd1 39. Nxd1 Re2+ 40. Kg1 Kf7 41. Kf1 Rh2 42. Ne3 g6 43. Nc4 Ke6 44. Kg1 Rc2 45. Ne3 Re2 46. Nd1 Kd5 47. Kf1 Re8 48. Kg2 Kc4 49. Kf3 Kb3 50. g4 fxg4+ 51. hxg4 Rf8 52. f5 gxf5 53. g5 Re8 54. Ne3 Nxb2 55. Bf6 Nc4 56. Nxf5 Kxa3 57. Kg4 Ne3+ 0-1

[Event "Campeonato de Aragon por Equipos 2024 - "]
[Site "?"]
[Date "2024.03.09"]
[Round "7.3"]
[White "Adla, Diego"]
[Black "Garcia Alvarez, Sergio"]
[Result "1-0"]
[WhiteElo "2383"]
[BlackElo "1796"]
[PlyCount "75"]
[GameId "2166508133810660"]
[EventDate "2024.01.27"]
[WhiteTeam "MyInvestor Casablanca A"]
[BlackTeam "Actur Rey Fernando"]

1. d4 g6 2. e4 Bg7 3. c3 e6 4. h4 h6 5. h5 g5 6. Be3 b6 7. c4 c5 8. Nc3 d6 9. Qd2 Nc6 10. Nge2 a6 11. O-O-O Nge7 12. f3 Ra7 13. g3 Rd7 14. f4 g4 15. Bg2 e5 16. dxe5 dxe5 17. Nd5 Nxd5 18. exd5 f6 19. Qe1 Ne7 20. Qf2 Nf5 21. fxe5 Nxe3 22. Qxe3 fxe5 23. Rhf1 Bf6 24. Kb1 Rg7 25. Be4 O-O 26. Qxh6 Bg5 27. Rxf8+ Qxf8 28. Qxb6 Rb7 29. Qc6 Bf5 30. d6 Bxe4+ 31. Qxe4 Rg7 32. Qd5+ Kh7 33. Qe6 Qb8 34. Nc3 Qd8 35. Qf5+ Kh6 36. Ne4 Be7 37. Rf1 Bf8 38. Qxf8 1-0

[Event "Campeonato de Aragon por Equipos 2024 - "]
[Site "?"]
[Date "2024.03.09"]
[Round "7.4"]
[White "Perez Puyal, Jose Joaquin"]
[Black "Antonano Fernandez-Quincoces, Avelino"]
[Result "1-0"]
[WhiteElo "1731"]
[BlackElo "1903"]
[PlyCount "71"]
[GameId "2166508133851621"]
[EventDate "2024.01.27"]
[WhiteTeam "Actur Rey Fernando"]
[BlackTeam "MyInvestor Casablanca A"]

1. d4 Nf6 2. Nf3 e6 3. e3 c5 4. Bd3 b6 5. Nbd2 Bb7 6. O-O Be7 7. Qe2 cxd4 8. exd4 O-O 9. Ne4 Nxe4 10. Bxe4 Bxe4 11. Qxe4 Nc6 12. Ne5 Nxe5 13. dxe5 d5 14. exd6 Bxd6 15. Be3 Qe7 16. Rad1 Rad8 17. Rd2 f5 18. Qc4 f4 19. Bd4 f3 20. g3 Kh8 21. Rfd1 e5 22. Be3 Rc8 23. Qg4 Rc6 24. Bg5 Qc7 25. c3 h6 26. Be3 Rf6 27. Rd3 Rc4 28. Qh5 e4 29. Rd4 Rxd4 30. Rxd4 Re6 31. Qd5 Qe7 32. Rc4 Bc7 33. Rxc7 Qxc7 34. Qxe6 Qb7 35. Bd4 Kh7 36. Qe5 1-0

[Event "Campeonato de Aragon por Equipos 2024 - "]
[Site "?"]
[Date "2024.03.09"]
[Round "7.5"]
[White "Forcen Esteban, Daniel"]
[Black "Romero Pallares, Daniel"]
[Result "1-0"]
[WhiteElo "2555"]
[BlackElo "2296"]
[PlyCount "117"]
[GameId "2166508133892582"]
[EventDate "2024.01.27"]
[WhiteTeam "Jaime Casas"]
[BlackTeam "Palacio De Pioneros"]

1. e4 c6 2. d4 d5 3. e5 c5 4. Nf3 cxd4 5. Qxd4 Nc6 6. Qf4 e6 7. Nc3 Nb4 8. Qd2 Ne7 9. h4 a6 10. h5 h6 11. a3 Nbc6 12. Bd3 Qc7 13. Qe2 Bd7 14. Bf4 Qb6 15. Na4 Qa7 16. Rh4 d4 17. b3 Nd5 18. Bd2 O-O-O 19. Nb2 f5 20. Bc4 Nc7 21. b4 Be7 22. Rh3 Be8 23. Nd3 Bf7 24. Kf1 Rhe8 25. a4 Nd5 26. Qe1 Nb6 27. Bb3 a5 28. bxa5 Nd5 29. Bc4 Kb8 30. Rb1 Nc3 31. Bxc3 dxc3 32. a6 Rd7 33. Qxc3 Rc8 34. Bb5 Nb4 35. Qb3 Nxd3 36. cxd3 Rdc7 37. Bc4 Be8 38. Qxb7+ Rxb7 39. Rxb7+ Qxb7 40. axb7 Kxb7 41. Rg3 Bf8 42. Nd4 Bxh5 43. Nxe6 g6 44. Nxf8 Rxf8 45. Re3 f4 46. Re1 Kc7 47. d4 f3 48. d5 Rf4 49. d6+ Kd7 50. Bb5+ Ke6 51. Re3 g5 52. d7 Ke7 53. e6 fxg2+ 54. Kxg2 Rd4 55. a5 Rd5 56. a6 Rxb5 57. a7 Ra5 58. Rd3 Kd8 59. e7+ 1-0

[Event "Campeonato de Aragon por Equipos 2024 - "]
[Site "?"]
[Date "2024.03.09"]
[Round "7.6"]
[White "Garcia Gracia, Victor Hugo"]
[Black "Antoli Royo, Joaquin Miguel"]
[Result "0-1"]
[WhiteElo "2171"]
[BlackElo "2406"]
[PlyCount "76"]
[GameId "2166508133941735"]
[EventDate "2024.01.27"]
[WhiteTeam "Palacio De Pioneros"]
[BlackTeam "Jaime Casas"]

1. e4 c5 2. Nf3 d6 3. d4 cxd4 4. Qxd4 Nc6 5. Bb5 Bd7 6. Bxc6 bxc6 7. O-O e5 8. Qd3 Nf6 9. b3 Qc7 10. Re1 Be7 11. Ba3 Rd8 12. Nbd2 Be6 13. Qa6 O-O 14. Rad1 Nh5 15. Nf1 Bc8 16. Qa4 Bg4 17. Re3 Nf4 18. Ng3 g6 19. h3 Bc8 20. Bb4 Qb7 21. Ne2 Ne6 22. Red3 c5 23. Ba3 Bd7 24. Qa5 Qxe4 25. Qd2 Qa8 26. Nxe5 dxe5 27. Rxd7 Rxd7 28. Qxd7 Rd8 29. Qxe7 Rxd1+ 30. Kh2 Rd2 31. Bxc5 Nxc5 32. Qxe5 Rxc2 33. Nf4 Qe4 34. Qf6 Ne6 35. Nxe6 Qxe6 36. Qd8+ Kg7 37. Qd4+ Qf6 38. Qxa7 Qxf2 0-1

[Event "Campeonato de Aragon por Equipos 2024 - "]
[Site "?"]
[Date "2024.03.09"]
[Round "7.7"]
[White "Ramiro Ovejero, Juan Luis"]
[Black "Dan, Teodor"]
[Result "1-0"]
[WhiteElo "2317"]
[BlackElo "1981"]
[PlyCount "85"]
[GameId "2166508133986792"]
[EventDate "2024.01.27"]
[WhiteTeam "Jaime Casas"]
[BlackTeam "Palacio De Pioneros"]

1. d4 Nf6 2. Nf3 c5 3. d5 b5 4. Bg5 g6 5. Bxf6 exf6 6. e4 Qb6 7. a4 b4 8. Nbd2 d6 9. Bb5+ Nd7 10. Nc4 Qc7 11. Qd2 Be7 12. Qh6 Bf8 13. Qf4 Be7 14. h4 h5 15. g4 hxg4 16. Qxg4 Rh5 17. Nfd2 Kf8 18. Qg3 a6 19. Bc6 Rb8 20. f4 f5 21. exf5 Rxf5 22. h5 Rxh5 23. Rxh5 gxh5 24. O-O-O Nf6 25. Qg5 Ng4 26. Qxh5 Bf6 27. Rg1 Bd4 28. Rxg4 Bxg4 29. Qxg4 Qe7 30. Kd1 Bf2 31. Qe2 Qh4 32. Nxd6 Qxf4 33. N6e4 Bd4 34. Qf3 Qh2 35. b3 Rc8 36. Nf1 Qg1 37. Ke2 Bg7 38. Ne3 Qc1 39. Ng5 f6 40. Ne6+ Ke7 41. Nf5+ Kf7 42. Qh5+ Kg8 43. Ne7# 1-0

[Event "Campeonato de Aragon por Equipos 2024 - "]
[Site "?"]
[Date "2024.03.09"]
[Round "7.8"]
[White "Iglesias Fernandez, Luis"]
[Black "Newrkla, Katharina"]
[Result "0-1"]
[WhiteElo "1833"]
[BlackElo "2209"]
[PlyCount "116"]
[GameId "2166508134040041"]
[EventDate "2024.01.27"]
[WhiteTeam "Palacio De Pioneros"]
[BlackTeam "Jaime Casas"]

1. d4 Nf6 2. Nf3 e6 3. e3 b6 4. Nbd2 Bb7 5. Bd3 d5 6. O-O Bd6 7. b3 O-O 8. Bb2 c5 9. Ne5 Nc6 10. Nxc6 Bxc6 11. Nf3 a6 12. Ne5 Bb7 13. f4 Ne4 14. Qh5 f6 15. Bxe4 dxe4 16. Nc4 Be7 17. Rad1 Qc7 18. f5 b5 19. Nd2 cxd4 20. Rf4 exf5 21. Rh4 Qxc2 22. Bxd4 h6 23. Nf1 Bd5 24. Rd2 Qc8 25. Ng3 Be6 26. Rf2 Qe8 27. Qe2 Rc8 28. Nxf5 Bxf5 29. Rxf5 Bd6 30. Qg4 Rc1+ 31. Rf1 Rxf1+ 32. Kxf1 Qc8 33. Qxe4 Qc1+ 34. Kf2 Qd2+ 35. Kf3 Qd1+ 36. Kf2 Bb4 37. Qd5+ Rf7 38. g3 Be1+ 39. Kg2 Qe2+ 40. Kh3 Qf1+ 41. Kg4 Qe2+ 42. Kf5 Qc2+ 43. e4 Qc8+ 44. Kg6 Qe8 45. Bxf6 Qd7 46. Qxd7 Rxd7 47. Be5 Re7 48. Bd4 Re6+ 49. Kf5 Rc6 50. Rg4 g5 51. h4 Bd2 52. e5 Kf7 53. Re4 Re6 54. Re2 Bb4 55. Rc2 gxh4 56. gxh4 Ba5 57. Be3 Bd8 58. Bxh6 Rxh6 0-1